Vienne 38200 et ses alentours - Statistiques

Statistiques générales
  • Ce quiz a été pris 33 fois
  • Le résultat moyen est 8 sur 12
Statistiques - réponses
Par images Réponse % Correct
Lycée/Ella/Fitzgerald
93%
Cathédrale/Saint-Maurice
82%
Belvédère/Pipet
79%
Vogue
79%
Thêatre Antique/Jazz à Vienne
75%
Stade/Etcheberry
71%
Cours Romestang
68%
Temple d'Auguste et Livie
64%
Cybèle
50%
CSV
46%
Wam Park/Condrieu
46%
Château de La Bâtie
29%
Aucun quiz correspondant
Distribution des résultats
% des personnes avec chaque résultat
Percentile par nombre de réponses
Votre historique - résultats
Vous n’avez pas pris ce quiz